|
|
|
|
| LEADER |
00000nam0a2200000 4500 |
| 001 |
324023 |
| 005 |
20231102003628.0 |
| 035 |
|
|
|a (RuTPU)RU\TPU\book\349612
|
| 090 |
|
|
|a 324023
|
| 100 |
|
|
|a 20161102d1938 m y0rusy50 ca
|
| 101 |
0 |
|
|a rus
|
| 102 |
|
|
|a RU
|
| 105 |
|
|
|a a z 001zy
|
| 200 |
1 |
|
|a Украинское народное искусство: ковроделие, ткачество, вышивка, роспись, гончарные изделия
|e [альбом]
|f ред. П. А. Полуянов
|
| 210 |
|
|
|a Москва
|a Ленинград
|c Искусство
|d 1938
|
| 215 |
|
|
|a 55 с.
|c ил.
|
| 606 |
1 |
|
|a Народное искусство
|2 stltpush
|3 (RuTPU)RU\TPU\subj\44875
|9 64151
|
| 610 |
1 |
|
|a Украина
|
| 610 |
1 |
|
|a ковровые изделия
|
| 610 |
1 |
|
|a вышивка
|
| 610 |
1 |
|
|a роспись
|
| 610 |
1 |
|
|a гончарные изделия
|
| 610 |
1 |
|
|a альбомы
|
| 675 |
|
|
|a 7.031
|v 4
|
| 702 |
|
1 |
|a Полуянов
|b П. А.
|4 340
|
| 801 |
|
1 |
|a RU
|b 63413507
|c 20161102
|
| 801 |
|
2 |
|a RU
|b 63413507
|c 20210217
|g RCR
|
| 942 |
|
|
|c BK
|